Top 10 Nebraska Cities and Villages with the most Tornadoes(Flag)(Map) - Statistics

General Stats
  • This quiz has been taken 7 times
  • The average score is 4 of 10
Answer Stats
Picture Answer % Correct
Grand Island
100%
Alda
40%
Aurora
40%
Doniphan
40%
Giltner
40%
Hastings
40%
Phillips
40%
Trumbull
40%
Inland
20%
St. Libory
20%
No matching quizzes found
Score Distribution
Percent of People with Each Score
Percentile by Number Answered
Your Score History
You have not taken this quiz